00305 2200133 4500001002100000005001500021035002000036245004400056300000800100260003100108082000800139084001200147990001200159INLIS00000000000240820250528122158 a0010-0525000700 aAku Ini Binatang Jalang /cAhmad Tohari a111 aJakarta :bGramedia,c2005 a813 a813 AKU a0713425